| 000 | 00362nam a2200145Ia 4500 | ||
|---|---|---|---|
| 005 | 20251222151336.0 | ||
| 008 | 251222s9999||||xx |||||||||||||| ||spa|| | ||
| 020 | _a968-858-095-3 | ||
| 082 | _a611.8/B98 | ||
| 100 | _aBustamante B., Jairo | ||
| 245 | 0 | _aNeuroanatomÃa funcional | |
| 250 | _a1a.ed. | ||
| 264 | _bAddison-Wesley Iberoamericana, | ||
| 942 | _cLIB | ||
| 999 |
_c24295 _d24295 |
||